000 00582nam a22001697a 4500
003 OSt
005 20171010095518.0
008 120816t xxu||||| |||| 00| 0 eng d
040 _aMMSU
_cULS
100 _aBalmaceda, Lemyrose B.
_912186
245 _aEnvironmental awareness, attitudes and practices of Tinguians
_cLemyrose B. Balmaceda
260 _c2004
300 _axiii, 165 leaves
_c28 cm.
500 _aThesis (MA Education-Science Education) -- Mariano Marcos State University-Graduate School;, Laoag City
504 _aBibliography: leaves 142-144
942 _2ddc
_cTHEDIS
999 _c9755
_d9755